000 00535nmm a2200169Ia 4500
008 251105s9999||||xx |||||||||||||||||und||
020 _a8495121328
041 _aspa
100 _aVillegas López, Manuel
245 0 _aGrandes clásicos del cine. Pioneros, mitos e innovadores
264 _a[Madrid, España] :
_bEdiciones JC Clementine,
_c2005
300 _a420 páginas
490 _aObras completas de Manuel Villegas López
650 _aFilm studies
856 _uhttps://public.digitaliapublishing.com/a/9206
942 _cCF
999 _c73934
_d73934